South Africa; (Record no. 119620)
[ view plain ]
| 000 -LEADER | |
|---|---|
| fixed length control field | 00793cam a22002651 4500 |
| 001 - CONTROL NUMBER | |
| control field | 8438363 |
| 003 - CONTROL NUMBER IDENTIFIER | |
| control field | ARRUPE |
| 005 - DATE AND TIME OF LATEST TRANSACTION | |
| control field | 20140121143231.0 |
| 008 - FIXED-LENGTH DATA ELEMENTS--GENERAL INFORMATION | |
| fixed length control field | 770322m19621961enk 000 0 eng |
| 010 ## - LIBRARY OF CONGRESS CONTROL NUMBER | |
| LC control number | 62006097 |
| 035 ## - SYSTEM CONTROL NUMBER | |
| System control number | (OCoLC)2823493 |
| 040 ## - CATALOGING SOURCE | |
| Original cataloging agency | DLC |
| Transcribing agency | PCoR |
| Modifying agency | OCoLC |
| -- | DLC |
| 042 ## - AUTHENTICATION CODE | |
| Authentication code | premarc |
| 050 00 - LIBRARY OF CONGRESS CALL NUMBER | |
| Classification number | DT766 |
| Item number | .K4 1962 |
| 300 ## - PHYSICAL DESCRIPTION | |
| Dimensions | 19 cm. |
| 100 2# - MAIN ENTRY--PERSONAL NAME | |
| Personal name | Keppel-Jones, Arthur. |
| 9 (RLIN) | 6834 |
| 245 10 - TITLE STATEMENT | |
| Title | South Africa; |
| Remainder of title | a short history. |
| 250 ## - EDITION STATEMENT | |
| Edition statement | [3d (rev.) ed.] |
| 260 ## - PUBLICATION, DISTRIBUTION, ETC. (IMPRINT) | |
| Place of publication, distribution, etc | London, |
| Name of publisher, distributor, etc | Hutchinson University Library |
| Place of publication, distribution, etc | New York, |
| Name of publisher, distributor, etc | Hillary House] |
| Date of publication, distribution, etc | [1962, c1961] |
| 300 ## - PHYSICAL DESCRIPTION | |
| Extent | 232 p. |
| 490 0# - SERIES STATEMENT | |
| Series statement | Commonwealth history |
| 504 ## - BIBLIOGRAPHY, ETC. NOTE | |
| Bibliography, etc | Includes bibliography. |
| 651 #0 - SUBJECT ADDED ENTRY--GEOGRAPHIC NAME | |
| Geographic name | South Africa |
| General subdivision | History. |
| 9 (RLIN) | 6835 |
| 906 ## - LOCAL DATA ELEMENT F, LDF (RLIN) | |
| a | 7 |
| b | cbc |
| c | oclcrpl |
| d | u |
| e | ncip |
| f | 19 |
| g | y-gencatlg |
| 942 ## - ADDED ENTRY ELEMENTS (KOHA) | |
| Source of classification or shelving scheme | Library of Congress Classification |
| Koha item type | Monograph ( Printed materials) |
| Withdrawn status | Lost status | Source of classification or shelving scheme | Damaged status | Not for loan | Home library | Current library | Date acquired | Total Checkouts | Full call number | Barcode | Date last seen | Price effective from | Koha item type |
|---|---|---|---|---|---|---|---|---|---|---|---|---|---|
| Library of Congress Classification | ARRUPE LIBRARY | ARRUPE LIBRARY | 21/01/2014 | SPC DT766 .K4 1953 | 464122791 | 21/01/2014 | 21/01/2014 | Monograph ( Printed materials) |